Welcome to WEB OPAC of MRSPTU Central Library

Electromagnetic fields and waves (Record no. 5189)

MARC details
000 -LEADER
fixed length control field 00402nam a2200169Ia 4500
008 - FIXED-LENGTH DATA ELEMENTS--GENERAL INFORMATION
fixed length control field 230711s9999||||xx |||||||||||||| ||und||
020 ## - INTERNATIONAL STANDARD BOOK NUMBER
International Standard Book Number 978-81-88458-45-5
041 ## - LANGUAGE CODE
Language code of text/sound track or separate title ENG
082 ## - DEWEY DECIMAL CLASSIFICATION NUMBER
Classification number 530.141
Item number GO-E
100 ## - MAIN ENTRY--PERSONAL NAME
Personal name Gowri,R
245 #0 - TITLE STATEMENT
Title Electromagnetic fields and waves
250 ## - EDITION STATEMENT
Edition statement 3rd Ed.
260 ## - PUBLICATION, DISTRIBUTION, ETC.
Date of publication, distribution, etc. 2006
Place of publication, distribution, etc. New Delhi
Name of publisher, distributor, etc. S.K Kataria & Sons
300 ## - PHYSICAL DESCRIPTION
Extent 555
650 ## - SUBJECT ADDED ENTRY--TOPICAL TERM
Topical term or geographic name entry element Physics
942 ## - ADDED ENTRY ELEMENTS (KOHA)
Koha item type Book
Holdings
Withdrawn status Lost status Damaged status Not for loan Collection Home library Current library Date acquired Total checkouts Full call number Barcode Date due Date last seen Date last checked out Price effective from Koha item type
          MRSPTU Central Library MRSPTU Central Library   5 530.141 GO-E 20165 05/14/2026 04/23/2026 04/23/2026 08/17/2023 Book
          MRSPTU Central Library MRSPTU Central Library     530.141 GO-E 20166   08/17/2023   08/17/2023 Book
          MRSPTU Central Library MRSPTU Central Library   2 530.141 GO-E 20167   03/30/2026 02/24/2026 08/17/2023 Book
          MRSPTU Central Library MRSPTU Central Library   3 530.141 GO-E 20168   09/17/2025 03/24/2025 08/17/2023 Book
          MRSPTU Central Library MRSPTU Central Library     530.141 GO-E 32222   08/17/2023   08/17/2023 Book
          MRSPTU Central Library MRSPTU Central Library     530.141 GO-E 32223   08/17/2023   08/17/2023 Book
          MRSPTU Central Library MRSPTU Central Library   1 530.141 GO-E 32224   02/06/2024 02/03/2024 08/17/2023 Book
          MRSPTU Central Library MRSPTU Central Library     530.141 GO-E 32225   08/17/2023   08/17/2023 Book
          MRSPTU Central Library MRSPTU Central Library   1 530.141 GO-E 32226   12/31/2024 12/04/2024 08/17/2023 Book
          MRSPTU Central Library MRSPTU Central Library   1 530.141 GO-E 32227   12/31/2024 12/04/2024 08/17/2023 Book
          MRSPTU Central Library MRSPTU Central Library     530.141 GO-E 32228   08/17/2023   08/17/2023 Book
          MRSPTU Central Library MRSPTU Central Library     530.141 GO-E 32229   08/17/2023   08/17/2023 Book

Website Designed and Developed by MRSPTU Central Library Team

E-mail Id: librarian@mrsptu.ac.in